Kamus KBSR : Bahasa Malaysia-Bahasa Inggeris, Bahasa Inggeris-Bahasa Malaysia
| Main Author: | |
|---|---|
| Format: | Book |
| Published: |
Kuala Lumpur :
Fargoes ,
2003
|
| Subjects: |
MARC
| LEADER | 00000cam a2200000 7i4500 | ||
|---|---|---|---|
| 001 | 0000050573 | ||
| 005 | 20170706.0 | ||
| 008 | 150713 | ||
| 020 | |a 9789831512203 | ||
| 020 | |a 9831512200 | ||
| 090 | 0 | 0 | |a REF |b CHI |
| 100 | 1 | |a Zamri | |
| 245 | 1 | 0 | |a Kamus KBSR : |b Bahasa Malaysia-Bahasa Inggeris, Bahasa Inggeris-Bahasa Malaysia |c Zamri |
| 260 | |a Kuala Lumpur : |b Fargoes , |c 2003 | ||
| 650 | 0 | |a Malay language |x Dictionaries |x English language | |
| 999 | |a 0000787894 |b Book |c REFERENCE |e Cawangan Segamat | ||
| 999 | |a 0000880262 |b Book |c REFERENCE |e Cawangan Segamat | ||